MDQL
is popping MORE tags! Check the
thread
!
Quizzes
Events
Quiz Creation
Community
Videos
Private Events
Remove Ads
Sign In
Join for FREE
Feedback
Dark Mode
Quiz Categories
Sports
Geography
Music
Movies
Television
Just For Fun
Miscellaneous
History
Literature
Language
Science
Gaming
Entertainment
Religion
Holiday
For Kids
Quiz Lab
Recent
Popular Today
Quiz Kudos Today
Editor Picks
Curator Picks
Quizzes by...
Day
Popularity
Type
Ratings
Length
Year
Community
Subscriptions
Recent Discussions
Orange Saloon
Badges
Playlists
Quests
Create
Leaderboards
Showdown
Live 5
Trivia Bingo
Activity
Puzzle Library
Sporcle Events
Private Events
Virtual Trivia
Globe League
Become a Host
Pub Owners
SporcleCon
Opinionation
Our Games
Videos
Blog
Mobile Apps
Partnerships
Remove Ads and Go Orange
Feedback
Music
Pop Music
The Beatles
Song
Album
Lyrics
Bands
Singers
Artist
Clip
Rock
Rap
Classical
Billboard
Country Music
Kpop
Taylor Swift
Music
Pop Music
The Beatles
Song
Album
Lyrics
Bands
Singers
Artist
Clip
Rock
Rap
Classical
Billboard
Country Music
Kpop
Taylor Swift
Random Quiz
Search Sporcle
×
Quiz Lab
Quiz Lab
Music
Song
Type in answers that appear in a list
Type in answers that appear in a list
Classic
Best Score? Go Orange.
Lady Gaga Songs Stats
Can you name the songs Lady Gaga has released??
By
KLo1012
5m
41 Questions
27 Plays
27 Plays
27 Plays
Comments
Comments
Give Quiz Kudos
Give Quiz Kudos
-
- Ratings
hide this ad
Replay
Link that replays current quiz
Next Quiz
Link to next quiz in quiz playlist
You Got
0%
They Got
Avg Score
67%
Avg Friend Score
Upgrade to see
Score Distribution
Jump to the score distribution portion of the page
Score
0/41
Timer
05:00
0
Plays Today
Album
Song Title
% Correct
Born This Way
Born This Way
96.3%
The Fame Monster
Bad Romance
92.6%
The Fame
Just Dance
88.9%
The Fame Monster
Alejandro
85.2%
The Fame
LoveGame
81.5%
The Fame
Poker Face
81.5%
Born This Way
Judas
81.5%
Born This Way
Edge of Glory
81.5%
The Fame
Eh Eh
77.8%
The Fame
The Fame
77.8%
The Fame Monster
Monster
77.8%
The Fame Monster
Telephone
77.8%
Born This Way
Marry The Night
77.8%
The Fame Monster
Speechless
74.1%
The Fame Monster
Dance In The Dark
74.1%
The Fame Monster
Teeth
74.1%
The Fame
Paparazzi
74.1%
Born This Way
Government Hooker
70.4%
Born This Way
Hair
70.4%
Born This Way
You and I
70.4%
The Fame
Boys Boys Boys
66.7%
Album
Song Title
% Correct
The Fame Monster
So Happy I Could Die
66.7%
Born This Way
Bloody Mary
66.7%
The Fame
Money Honey
63%
Born This Way
Heavy Metal Lover
63%
Born This Way (Special Edition Bonus Tracks)
Black Jesus
63%
Born This Way (Special Edition Bonus Tracks)
The Queen
63%
The Fame
Beautiful Dirty Rich
59.3%
The Fame
Starstruck
59.3%
The Fame
Paper Gangsta
59.3%
Born This Way
Americano
59.3%
Born This Way
Highway Unicorn
59.3%
The Fame
Brown Eyes
55.6%
The Fame
Summer Boy
55.6%
Born This Way
Electric Chapel
55.6%
The Fame
I Like It Rough
51.9%
Born This Way
Bad Kids
51.9%
Born This Way (Special Edition Bonus Tracks)
Fashion Of His Love
51.9%
The Fame
Again Again
44.4%
The Fame
Disco Heaven
44.4%
Born This Way
Scheisse
37%
Quiz Playlist
Details
Report
Send in Message
Add To Playlist
Classic:
Type in answers that appear in a list
Last Updated: Feb 16, 2017
Quiz Scoreboard
CHALLENGE
Sign Up to Join the Scoreboard
Show All
Scores
Hide
Comments
May contain spoilers
Recently Published
Holiday 10x10 Sorting Gallery
by lukepisani3
Holiday
15m
Two Season TV Shows II
by 123Four
Television
10m
Image Sorting: Flags VI
by Barbecue
Geography
2m
More to Explore
Quiz From the Vault
Featured Blog Post
14 Easter Pick-up Lines to Find Eggs With
hide this ad
You Might Also Like...
Tags
Song Quiz
Lady Gaga
Song List
The Fame
Today's Top Quizzes in Music
Browse Music
hide this ad
Today's Top Quizzes in Song
Browse Song
Top Contributed Quizzes in Music
1
5X2 Blitz: Bands II
2
Taylor Swift All Songs (2024)
3
5X2 Blitz: The Beatles
4
5X2 Blitz: Billboard
5
Music Artist by Three 2010s hits
6
5X2 Blitz: Billboard II
7
5X2 Blitz: Album
8
5X2 Blitz: Rock
9
5X2 Blitz: Singers
10
5X2 Blitz: Lyrics
Explore More
Trending Topics
Anime
Harry Potter
NBA
Disney
Kpop
Crossword
Marvel
Song
Soccer
NFL
Country
Pokémon
The Office
WWE
Puzzle
hide this ad
More By:
KLo1012
Quiz
Plays
Rating
Category
Featured
Created
Lady Gaga Songs
27
Music
Aug 14, 2011
Go to Creator's Profile
Score Distribution
Quiz Creator Spotlight
KLo1012
Follow
Send a Message
Quizzes Created
-
Created Quiz Play Count
-
More By This Creator
Popular Quizzes Today
1
Find the US States - No Outlines Minefield
2
Colored Red Africa Blitz
3
Find the 'City' Movie
4
The Countries of the World
5
5x2 Blitz: Bands
6
Find the Countries of Europe - No Outlines Minefield
7
Find the US States
8
US States
More Music Quizzes
Can You Fill Me In? 1980s Songs XIX
Curator's Pick
Trending Quizzes
Colored Red Europe Blitz I
Colored Red Europe Blitz II
Colored Red Africa Blitz II
Even More Two Season TV Shows
Colored Red Africa Blitz III
Recently Updated
Odd Team Out - Big 4 Players
pecheneg
Quick Pick: 20 Twenties
pecheneg
March Madness Men's Triple Doubles
pecheneg
How Do You Spell That?
pecheneg
Godzilla Movies
pecheneg
Grab Bag: 4-10 Letters
pecheneg
2024 March Madness Bracket
pecheneg
Famous TV Couples
Peacemaker
Champions League XIs: Real Madrid
pecheneg
Largest US Cities 1790-2010
pecheneg
Trending Topics
NBA
Anime
Disney
Marvel
Kpop
Crossword
Harry Potter
Song
NFL
Soccer
The Office
WWE
Country
Puzzle
Pokémon
Your Account Isn't Verified!
In order to create a playlist on Sporcle, you need to verify the email address you used during registration. Go to your
Sporcle Settings
to finish the process.
Report this User
Report this user for behavior that violates our
Community Guidelines
.
Details:
Send Report
Go to the Sporcle.com Mobile Site →
Comments